[Event "Canadian zt"]
[Site "Toronto"]
[Date "2024.03.29"]
[Round "4"]
[White "Latorre, Vincent"]
[Black "Marchand, Calix"]
[Result "1-0"]
[WhiteElo "2181"]
[BlackElo "1942"]
[PlyCount "99"]
[EventDate "2024.03.27"]
[EventType "team-swiss"]
[EventRounds "10"]
[EventCountry "CAN"]
[SourceTitle "CB15_2024"]
[SourceDate "2024.04.10"]
[SourceVersion "1"]
[SourceVersionDate "2024.04.10"]
[SourceQuality "1"]

1. e4 c5 2. Nf3 e6 3. g3 Nc6 4. Bg2 Nf6 5. Qe2 e5 6. 0-0 d6 7. c3 Be7 8. Rd1 Qc7 9. Na3 Bg4 10. h3 Bxf3 11. Bxf3 Nd7 12. Nc2 Bf6 13. Ne3 Nf8 14. Nd5 Qd8 15. d3 Ne6 16. Bg2 h5 17. f4 Nc7 18. Nxf6+ Qxf6 19. Be3 b6 20. d4 0-0-0 21. fxe5 dxe5 22. dxc5 b5 23. b4 Qe6 24. a4 a6 25. axb5 axb5 26. Bf1 Qb3 27. Rxd8+ Rxd8 28. Rc1 g6 29. Bg5 Rd7 30. h4 Qe6 31. Kh2 f5 32. Bh3 Kb7 33. Rf1 Ne7 34. Bxe7 Rxe7 35. exf5 gxf5 36. Bxf5 Qb3 37. Be4+ Kb8 38. Rf8+ Ka7 39. Qxb5 Qa2+ 40. Kh1 Qa1+ 41. Rf1 Nxb5 42. Rxa1+ Kb8 43. Ra8+ Kc7 44. c4 Nc3 45. Ra7+ Kd8 46. Rxe7 Kxe7 47. Bf3 e4 48. Bxh5 e3 49. Kg2 e2 50. Kf2 1-0

[Event "Titled Tuesday intern op 12th Dec Early"]
[Site "Chess.com INT"]
[Date "2023.12.12"]
[Round "4"]
[White "Latorre, Vincent"]
[Black "Leiva Rodriguez, Jeammarco Giuseppe"]
[Result "0-1"]
[WhiteElo "2128"]
[BlackElo "2398"]
[PlyCount "96"]
[EventDate "2023.12.12"]
[EventType "swiss (blitz)"]
[EventRounds "11"]
[EventCountry "USA"]
[SourceTitle "CB51_2023"]
[SourceDate "2023.12.20"]
[SourceVersion "1"]
[SourceVersionDate "2023.12.20"]
[SourceQuality "1"]

1. e4 c5 2. Nf3 d6 3. d4 cxd4 4. Nxd4 Nf6 5. Nc3 a6 6. h4 Nc6 7. h5 e5 8. Nb3 Be6 9. h6 d5 10. hxg7 Bxg7 11. exd5 Nxd5 12. Nxd5 Qxd5 13. Qxd5 Bxd5 14. c4 Be4 15. Nc5 Bg6 16. Bd3 0-0-0 17. Bxg6 hxg6 18. 0-0 Nd4 19. g3 f5 20. Be3 Nf3+ 21. Kg2 e4 22. Rh1 Bxb2 23. Rab1 Ba3 24. Ne6 Rde8 25. Rxh8 Rxh8 26. Rh1 Rxh1 27. Kxh1 Ne5 28. c5 Kd7 29. Nf4 Kc6 30. Ne6 Ng4 31. Nf8 Bxc5 32. Nxg6 Bxe3 33. fxe3 Nxe3 34. Kg1 Kd5 35. Kf2 Nd1+ 36. Ke2 Nc3+ 37. Ke3 Nxa2 38. Kf4 Ke6 39. Nf8+ Kf7 40. Nd7 b5 41. Kxf5 e3 42. g4 e2 43. Ne5+ Kg7 44. Nf3 Nb4 45. Ne1 a5 46. Kf4 a4 47. Ke3 a3 48. Kxe2 a2 0-1

[Event "Titled Tuesday intern op 12th Dec Early"]
[Site "Chess.com INT"]
[Date "2023.12.12"]
[Round "5"]
[White "Vestby Ellingsen, Mads"]
[Black "Latorre, Vincent"]
[Result "1-0"]
[WhiteElo "2329"]
[BlackElo "2128"]
[PlyCount "69"]
[EventDate "2023.12.12"]
[EventType "swiss (blitz)"]
[EventRounds "11"]
[EventCountry "USA"]
[SourceTitle "CB51_2023"]
[SourceDate "2023.12.20"]
[SourceVersion "1"]
[SourceVersionDate "2023.12.20"]
[SourceQuality "1"]

1. d4 Nf6 2. c4 g6 3. g4 Nxg4 4. e4 d6 5. Nc3 Bg7 6. Be2 Nf6 7. h4 h5 8. Bg5 Nc6 9. d5 Ne5 10. Nf3 Nxf3+ 11. Bxf3 e5 12. dxe6 Bxe6 13. Qd2 0-0 14. Qf4 Bxc4 15. e5 dxe5 16. Qxc4 Qd4 17. Qxd4 exd4 18. Nb5 c6 19. Nxd4 Rfe8+ 20. Kf1 Ne4 21. Be3 Rad8 22. Rd1 c5 23. Nb3 Rxd1+ 24. Bxd1 b6 25. Bc1 a5 26. Kg2 Nd6 27. Nd2 Nb5 28. Nc4 Re6 29. Bf3 Nd4 30. Bd5 Re2 31. Nxb6 Nf5 32. Bf3 Re6 33. Nc4 Bf6 34. Bg5 Bd4 35. b3 1-0

[Event "Chicago op 32nd"]
[Site "Chicago"]
[Date "2023.05.28"]
[Round "7"]
[White "Antova, Gabriela"]
[Black "Latorre, Vincent"]
[Result "1-0"]
[WhiteElo "2259"]
[BlackElo "2070"]
[PlyCount "81"]
[EventDate "2023.05.25"]
[EventType "swiss"]
[EventRounds "9"]
[EventCountry "USA"]
[SourceTitle "CBM 214 Extra"]
[Source "ChessBase"]
[SourceDate "2023.07.31"]
[SourceVersion "1"]
[SourceVersionDate "2023.07.31"]
[SourceQuality "1"]

1. d4 Nf6 2. Nf3 e6 3. Bg5 d5 4. e3 Be7 5. Nbd2 0-0 6. Bd3 c5 7. c3 Nfd7 8. Bf4 Nc6 9. 0-0 Re8 10. e4 cxd4 11. cxd4 Nb4 12. Be2 dxe4 13. Nxe4 Nd5 14. Bg3 a6 15. Rc1 N7f6 16. Bd3 h6 17. Ne5 Bd7 18. Nc5 Bxc5 19. dxc5 Rc8 20. Qb3 Re7 21. a3 Bc6 22. Rfd1 Qa5 23. Nxc6 Rxc6 24. Bd6 Rd7 25. Bb1 Ne8 26. Qd3 g6 27. b4 Qd8 28. Be5 Nef6 29. Qe2 Kg7 30. g3 Qa8 31. h4 h5 32. Qf3 Qd8 33. Bc2 b5 34. cxb6 Qxb6 35. Ba4 Rxc1 36. Rxc1 Re7 37. Rc6 Qb7 38. Rd6 Rc7 39. Rxd5 Rc1+ 40. Kh2 Qxd5 41. Qxf6+ 1-0

[Event "CAN-ch"]
[Site "Toronto"]
[Date "2023.04.08"]
[Round "4"]
[White "Latorre, Vincent"]
[Black "Liu, Henry"]
[Result "1-0"]
[WhiteElo "2066"]
[BlackElo "1988"]
[PlyCount "161"]
[EventDate "2023.04.06"]
[EventType "swiss"]
[EventRounds "9"]
[EventCountry "CAN"]
[SourceTitle "CBM 213 Extra"]
[Source "ChessBase"]
[SourceDate "2023.05.31"]
[SourceVersion "1"]
[SourceVersionDate "2023.05.31"]
[SourceQuality "1"]

1. e4 e6 2. d4 d5 3. e5 c5 4. c3 Nc6 5. Nf3 Qb6 6. Be2 Nh6 7. Bxh6 gxh6 8. Qd2 Bd7 9. 0-0 Rc8 10. Na3 cxd4 11. cxd4 Nb4 12. h4 Qd8 13. g3 Rg8 14. Kh1 f5 15. exf6 Qxf6 16. Ne5 Nc6 17. Qe3 Nxe5 18. dxe5 Qf5 19. Kg2 Qe4+ 20. Qxe4 dxe4 21. Rfd1 Bxa3 22. bxa3 Rc5 23. Rac1 Rxc1 24. Rxc1 Bc6 25. a4 Kd7 26. Bb5 Rc8 27. Bxc6+ Rxc6 28. Rd1+ Kc7 29. Rd4 Rc2 30. Rxe4 Rxa2 31. Rc4+ Kb6 32. Kf3 h5 33. Rd4 Rc2 34. Ke3 Kc7 35. f3 a6 36. Kf4 h6 37. g4 Rh2 38. Kg3 Rc2 39. Kf4 hxg4 40. fxg4 Rh2 41. Rd6 Rxh4 42. Kg3 Rh1 43. Rxe6 Kd7 44. Rd6+ Ke7 45. Rb6 Rg1+ 46. Kf4 Rf1+ 47. Ke4 Re1+ 48. Kf5 Rf1+ 49. Ke4 Re1+ 50. Kf4 Rf1+ 51. Kg3 Rg1+ 52. Kf3 Rf1+ 53. Ke3 Re1+ 54. Kd4 Rd1+ 55. Kc5 Rc1+ 56. Kb4 Re1 57. Rxb7+ Ke8 58. Ka5 Rxe5+ 59. Kxa6 Re4 60. Kb5 Kd8 61. Rg7 Re5+ 62. Kb6 Kc8 63. Rg6 h5 64. a5 hxg4 65. a6 Re1 66. Rg8+ Kd7 67. a7 Ra1 68. a8Q Rxa8 69. Rxa8 Ke6 70. Kc5 Ke5 71. Rg8 Kf4 72. Kd4 Kf3 73. Kd3 g3 74. Rf8+ Kg2 75. Ke2 Kh1 76. Kf3 g2 77. Rh8+ Kg1 78. Kg3 Kf1 79. Rf8+ Kg1 80. Rf7 Kh1 81. Rh7+ 1-0

[Event "CAN-ch"]
[Site "Toronto"]
[Date "2023.04.08"]
[Round "5"]
[White "Latreille, Etienne"]
[Black "Latorre, Vincent"]
[Result "1/2-1/2"]
[WhiteElo "1814"]
[BlackElo "2066"]
[PlyCount "53"]
[EventDate "2023.04.06"]
[EventType "swiss"]
[EventRounds "9"]
[EventCountry "CAN"]
[SourceTitle "CBM 213 Extra"]
[Source "ChessBase"]
[SourceDate "2023.05.31"]
[SourceVersion "1"]
[SourceVersionDate "2023.05.31"]
[SourceQuality "1"]

1. e4 g6 2. d4 Bg7 3. Nf3 d6 4. h3 Nf6 5. Bd3 0-0 6. 0-0 Nc6 7. c3 e5 8. Re1 h6 9. Nbd2 Nh5 10. dxe5 dxe5 11. Nc4 Be6 12. g4 Nf4 13. Bxf4 exf4 14. a4 Qe7 15. Bf1 Rad8 16. Qe2 Rd7 17. Rad1 Rfd8 18. Qc2 a5 19. Rxd7 Rxd7 20. Rd1 Rxd1 21. Qxd1 Qc5 22. Qd3 Bf6 23. Ncd2 b6 24. Qb5 Qd6 25. Nc4 Bxc4 26. Bxc4 Kg7 27. Kg2 1/2-1/2

[Event "Ottawa EOCA op"]
[Site "Ottawa"]
[Date "2023.03.04"]
[Round "2"]
[White "Latorre, Vincent"]
[Black "Xu, Daniel"]
[Result "0-1"]
[WhiteElo "2214"]
[BlackElo "2339"]
[PlyCount "72"]
[EventDate "2023.03.03"]
[EventType "swiss"]
[EventRounds "5"]
[EventCountry "CAN"]
[SourceTitle "CBM 213 Extra"]
[Source "ChessBase"]
[SourceDate "2023.05.31"]
[SourceVersion "1"]
[SourceVersionDate "2023.05.31"]
[SourceQuality "1"]

1. e4 c5 2. Nf3 d6 3. Nc3 a6 4. g3 Bg4 5. Bg2 Nc6 6. h3 Bxf3 7. Bxf3 g6 8. 0-0 Bg7 9. Bg2 Nf6 10. d3 0-0 11. Kh2 Qc7 12. f4 Rab8 13. g4 b5 14. Be3 Nd7 15. Nd5 Qd8 16. Rb1 b4 17. f5 Qa5 18. Bf4 Qxa2 19. Ra1 Qxb2 20. Rxa6 Nde5 21. g5 Ra8 22. Bc1 Qb1 23. Rxa8 Rxa8 24. f6 exf6 25. gxf6 Bf8 26. Be3 Qxd1 27. Rxd1 Ra2 28. Rc1 h5 29. Kg3 Kh7 30. Bf1 Bh6 31. Bxh6 Kxh6 32. c3 g5 33. h4 gxh4+ 34. Kxh4 bxc3 35. Nxc3 Rf2 36. Nd5 Rf3 0-1

[Event "CAN-ch Int"]
[Site "Contrecoeur"]
[Date "2022.10.09"]
[Round "4"]
[White "Rodrigue Lemieux, Shawn"]
[Black "Latorre, Vincent"]
[Result "1-0"]
[WhiteElo "2482"]
[BlackElo "1960"]
[PlyCount "109"]
[EventDate "2022.10.07"]
[EventType "swiss"]
[EventRounds "5"]
[EventCountry "CAN"]
[SourceTitle "CBM 210 Extra"]
[Source "ChessBase"]
[SourceDate "2022.11.30"]
[SourceVersion "1"]
[SourceVersionDate "2022.11.30"]
[SourceQuality "1"]

1. Nf3 Nf6 2. g3 e6 3. Bg2 d5 4. 0-0 Bd6 5. c4 0-0 6. d4 dxc4 7. Nfd2 c5 8. dxc5 Bxc5 9. Nxc4 Nbd7 10. Nc3 a6 11. Bf4 Ra7 12. Na4 b5 13. Nxc5 bxc4 14. Bd6 Re8 15. Qc2 Qb6 16. Nxd7 Rxd7 17. Be5 Qc5 18. Bxf6 gxf6 19. Rac1 Bb7 20. Qa4 Qb5 21. Rxc4 Qxa4 22. Rxa4 Bxg2 23. Kxg2 Rb8 24. b3 Rb6 25. Rc1 f5 26. Rc8+ Kg7 27. Ra8 Rdd6 28. e3 Kf6 29. Ra7 e5 30. h3 h6 31. Rc4 Rbc6 32. Rd7 Ke6 33. Rxd6+ Rxd6 34. Kf3 Kd7 35. Ke2 Rd5 36. Rc3 Ra5 37. a4 e4 38. Rc4 Re5 39. b4 Re6 40. Rc5 Rf6 41. Kd2 Rd6+ 42. Kc2 Ke6 43. b5 a5 44. g4 fxg4 45. hxg4 f6 46. Rc4 f5 47. gxf5+ Kxf5 48. Rc5+ Ke6 49. Rh5 Kd7 50. Rh4 Rf6 51. Rf4 Re6 52. Kc3 h5 53. Kd4 Rh6 54. Rh4 Rf6 55. Rh2 1-0

[Event "Francophonie-chT Rapid"]
[Site "Tornelo INT"]
[Date "2022.06.05"]
[Round "10.2"]
[White "Ezat, Mohamed Mahmoud"]
[Black "Latorre, Vincent"]
[Result "0-1"]
[WhiteElo "2389"]
[BlackElo "1813"]
[PlyCount "164"]
[EventDate "2022.06.04"]
[EventType "team-swiss (rapid)"]
[EventRounds "11"]
[EventCountry "FRA"]
[SourceTitle "CBM 208 Extra"]
[Source "ChessBase"]
[SourceDate "2022.07.31"]
[SourceVersion "1"]
[SourceVersionDate "2022.07.31"]
[SourceQuality "1"]
[WhiteTeam "Egypt"]
[BlackTeam "Quebec II"]
[WhiteTeamCountry "EGY"]
[BlackTeamCountry "CAN"]

1. d4 Nf6 2. c4 e6 3. Nf3 Bb4+ 4. Bd2 a5 5. g3 d5 6. Qc2 0-0 7. Bg2 dxc4 8. Qxc4 Bxd2+ 9. Nbxd2 c6 10. 0-0 b5 11. Qc2 Ba6 12. e4 b4 13. Rfe1 Bb5 14. e5 Nd5 15. Ne4 h6 16. Nd6 Nd7 17. Nd2 N7b6 18. N2e4 a4 19. Qd2 Rb8 20. Rac1 Nc8 21. Nxc8 Qxc8 22. Rc5 Qa6 23. Nf6+ gxf6 24. Qxh6 f5 25. g4 Bd3 26. Qg5+ Kh7 27. Qh5+ Kg7 28. Qg5+ Kh7 29. Qh4+ Kg7 30. Bxd5 cxd5 31. Qf6+ Kh7 32. g5 f4 33. a3 bxa3 34. bxa3 Bf5 35. Rc7 Rb7 36. Rc3 Rb3 37. Qh6+ Kg8 38. Rc7 Qd3 39. Rcc1 Qh3 40. Qxh3 Rxh3 41. Ra1 Rc8 42. Rec1 Rxc1+ 43. Rxc1 Rxa3 44. Rc8+ Kg7 45. Ra8 Ra1+ 46. Kg2 a3 47. h4 a2 48. Kf3 Bd3 49. h5 Bc4 50. h6+ Kh7 51. Ra7 Kg6 52. h7 Kxh7 53. Rxf7+ Kg8 54. g6 Rh1 55. Kxf4 a1Q 56. Kg5 Qg1+ 57. Kf6 Qxf2+ 58. Ke7 Qh4+ 59. Kxe6 Rg1 60. Rf6 Kg7 61. Rf7+ Kxg6 62. Rf8 Kg7 63. Rf7+ Kg8 64. Rf6 Qh7 65. Kd6 Rg6 66. Rxg6+ Qxg6+ 67. e6 Kf8 68. Kd7 Qf5 69. Kd6 Ke8 70. e7 Qd7+ 71. Kc5 Qxe7+ 72. Kc6 Qe6+ 73. Kc5 Qe3 74. Kd6 Qxd4 75. Kc6 Qc3 76. Kd6 d4 77. Kc7 d3 78. Kb8 d2 79. Ka7 d1Q 80. Kb6 Qd6+ 81. Ka7 Qa5+ 82. Kb7 Qaa6# 0-1

[Event "Wch FIDE Online U12 America qual"]
[Site "Tornelo INT"]
[Date "2020.12.03"]
[Round "6"]
[White "Latorre, Vincent"]
[Black "Lopez Rayo, Santiago"]
[Result "0-1"]
[WhiteElo "1731"]
[BlackElo "1946"]
[PlyCount "70"]
[EventDate "2020.12.01"]
[EventType "swiss (rapid)"]
[EventRounds "7"]
[EventCountry "ISS"]
[SourceTitle "EXT 2022"]
[Source "ChessBase"]
[SourceDate "2021.10.06"]
[SourceVersion "1"]
[SourceVersionDate "2021.10.06"]
[SourceQuality "1"]

1. e4 c5 2. Nf3 e6 3. d4 cxd4 4. Nxd4 a6 5. Bd3 Nc6 6. c3 Qc7 7. 0-0 Nf6 8. Nd2 Be7 9. Kh1 0-0 10. f4 d6 11. N2f3 b5 12. Nxc6 Qxc6 13. e5 dxe5 14. fxe5 Nd7 15. Qc2 f5 16. exf6 Nxf6 17. Bg5 Bb7 18. Bxf6 Bxf6 19. Bxh7+ Kh8 20. Rae1 Rae8 21. Bg6 Rd8 22. Be4 Qc7 23. Bxb7 Qxb7 24. Rxe6 Qd5 25. Qe2 a5 26. Qe4 Qxa2 27. g4 Qxb2 28. Qe1 Qxc3 29. g5 Qxe1 30. Rfxe1 Bc3 31. R1e3 Bd2 32. Rb3 a4 33. Rxb5 Rxf3 34. Kg2 Rff8 35. g6 Rf6 0-1

[Event "Wch FIDE Online U12 America qual"]
[Site "Tornelo INT"]
[Date "2020.12.02"]
[Round "2"]
[White "Latorre, Vincent"]
[Black "Puri, Arjun"]
[Result "1/2-1/2"]
[WhiteElo "1731"]
[BlackElo "2078"]
[PlyCount "107"]
[EventDate "2020.12.01"]
[EventType "swiss (rapid)"]
[EventRounds "7"]
[EventCountry "ISS"]
[SourceTitle "EXT 2022"]
[Source "ChessBase"]
[SourceDate "2021.10.06"]
[SourceVersion "1"]
[SourceVersionDate "2021.10.06"]
[SourceQuality "1"]

1. e4 c6 2. d4 d5 3. exd5 cxd5 4. Bd3 Nc6 5. c3 Nf6 6. Bf4 Bg4 7. Qb3 Qc8 8. Nd2 e6 9. Ngf3 Be7 10. 0-0 0-0 11. a4 Rd8 12. a5 Bd6 13. Bxd6 Rxd6 14. a6 b6 15. Ne5 Rd8 16. Nxg4 Nxg4 17. Qc2 Nf6 18. Nf3 Qc7 19. Rfe1 Rac8 20. Rac1 Qd6 21. Qb1 h6 22. Ne5 Qe7 23. f4 Nxe5 24. fxe5 Nd7 25. Re2 Nb8 26. Rf1 Rf8 27. Ref2 Nc6 28. Qd1 Qg5 29. Rf3 f5 30. exf6 Rxf6 31. Rxf6 gxf6 32. Qe2 Kf7 33. Re1 Re8 34. Bb5 Nd8 35. Bxe8+ Kxe8 36. Qb5+ Ke7 37. Qb4+ Kf7 38. Qd6 Qd2 39. Qd7+ Kg6 40. Rf1 Qe3+ 41. Kh1 Nf7 42. Qe7 f5 43. h4 Qe2 44. Rg1 Qg4 45. Kh2 Qf4+ 46. g3 Qf2+ 47. Rg2 Qe3 48. h5+ Kg7 49. Qh4 Ng5 50. Qf4 Nf3+ 51. Kh3 Ng5+ 52. Kh2 Nf3+ 53. Kh3 Ng5+ 54. Kh2 1/2-1/2

[Event "Montreal Ligue elite du dimanche S10"]
[Site "Montreal"]
[Date "2019.02.17"]
[Round "2"]
[White "Tsukerman, Julia"]
[Black "Latorre, Vincent"]
[Result "0-1"]
[WhiteElo "1820"]
[BlackElo "1795"]
[PlyCount "66"]
[EventDate "2019.02.10"]
[EventType "swiss"]
[EventRounds "5"]
[EventCountry "CAN"]
[SourceTitle "EXT 2022"]
[Source "ChessBase"]
[SourceDate "2021.10.06"]
[SourceVersion "1"]
[SourceVersionDate "2021.10.06"]
[SourceQuality "1"]
[WhiteTeam "Food Masters"]
[BlackTeam "Puzzle Rushers"]
[WhiteTeamCountry "CAN"]
[BlackTeamCountry "CAN"]

1. e4 e5 2. Nf3 Nc6 3. Bb5 a6 4. Ba4 Nf6 5. d3 d6 6. c3 Be7 7. 0-0 0-0 8. h3 b5 9. Bb3 Na5 10. Bc2 c5 11. Nbd2 Bb7 12. Re1 Nc6 13. Nf1 Qc7 14. Ne3 Rad8 15. Nf5 Rfe8 16. Nxe7+ Nxe7 17. Bg5 Ng6 18. c4 h6 19. Bxf6 gxf6 20. Nh2 Bc8 21. Qh5 Kh7 22. Ng4 Bxg4 23. Qxg4 Rg8 24. Qf5 Qe7 25. cxb5 axb5 26. Bb3 Kh8 27. g3 Nf4 28. Rad1 Rg5 29. Qxg5 Nxh3+ 30. Kg2 Nxg5 31. Rh1 Kg7 32. Rdg1 Rc8 33. f4 Ne6 0-1

[Event "Montreal Ligue elite du dimanche S10"]
[Site "Montreal"]
[Date "2019.02.10"]
[Round "1"]
[White "Latorre, Vincent"]
[Black "Chang, Alexander Rz"]
[Result "1/2-1/2"]
[WhiteElo "1795"]
[BlackElo "1952"]
[PlyCount "130"]
[EventDate "2019.02.10"]
[EventType "swiss"]
[EventRounds "5"]
[EventCountry "CAN"]
[SourceTitle "EXT 2022"]
[Source "ChessBase"]
[SourceDate "2021.10.06"]
[SourceVersion "1"]
[SourceVersionDate "2021.10.06"]
[SourceQuality "1"]
[WhiteTeam "Puzzle Rushers"]
[BlackTeam "Kramnik's Immortals"]
[WhiteTeamCountry "CAN"]
[BlackTeamCountry "CAN"]

1. e4 e5 2. Nf3 Nc6 3. Bc4 Bc5 4. c3 Nf6 5. d3 d6 6. h3 h6 7. 0-0 0-0 8. a4 a5 9. Be3 Ba7 10. Na3 Ne7 11. Re1 Ng6 12. Qc2 c6 13. d4 Nh7 14. Rad1 Qf6 15. Be2 Ng5 16. Nxg5 hxg5 17. Nc4 Nf4 18. dxe5 dxe5 19. Rd6 Qe7 20. Red1 Bxe3 21. Nxe3 Be6 22. Bg4 Rad8 23. Qd2 Rxd6 24. Qxd6 Qxd6 25. Rxd6 Bb3 26. Kf1 Bxa4 27. g3 Ng6 28. Bh5 Ne7 29. Rd7 Nc8 30. Rxb7 Nd6 31. Re7 g6 32. Bf3 f6 33. Rd7 Bb5+ 34. Ke1 Nc4 35. Nxc4 Bxc4 36. Rd6 Bb5 37. Be2 Bxe2 38. Kxe2 c5 39. Ra6 Rb8 40. Rxa5 Rxb2+ 41. Ke3 c4 42. Rc5 Rb1 43. Kf3 Kf7 44. Rxc4 Rc1 45. Rc6 Rh1 46. Kg4 Re1 47. f3 Rc1 48. c4 Rc3 49. c5 Rc4 50. h4 gxh4 51. gxh4 Rc1 52. Rc8 Kg7 53. c6 Rc2 54. c7 Rc1 55. f4 exf4 56. Kxf4 Rc3 57. Kg4 Kh7 58. h5 g5 59. Kf5 Rc5+ 60. Kg4 Kg7 61. h6+ Kh7 62. Rf8 Rxc7 63. Rxf6 Re7 64. Kf5 g4 65. Rg6 Rxe4 1/2-1/2

[Event "Quebec-ch U10"]
[Site "Montreal"]
[Date "2018.01.14"]
[Round "4"]
[White "Latorre, Vincent"]
[Black "Liu, Eric"]
[Result "0-1"]
[WhiteElo "1495"]
[BlackElo "1223"]
[PlyCount "50"]
[EventDate "2018.01.12"]
[EventType "swiss"]
[EventRounds "5"]
[EventCountry "CAN"]
[SourceTitle "EXT 2022"]
[Source "ChessBase"]
[SourceDate "2021.10.06"]
[SourceVersion "1"]
[SourceVersionDate "2021.10.06"]
[SourceQuality "1"]

1. e4 c5 2. Nc3 e6 3. f4 Nc6 4. Bc4 Nge7 5. Nf3 d5 6. exd5 exd5 7. Be2 g6 8. d4 cxd4 9. Nxd4 Bg7 10. Nxc6 bxc6 11. 0-0 0-0 12. Bf3 Re8 13. Re1 Qc7 14. Qe2 Bb7 15. Kh1 Nf5 16. Qxe8+ Rxe8 17. Rxe8+ Bf8 18. g3 Ne7 19. f5 Qd7 20. Rb8 Nxf5 21. Bg4 Bc8 22. Kg1 Bc5+ 23. Kg2 Nh4+ 24. gxh4 Qxg4+ 25. Kf1 Qf3+ 0-1